Statistics for Paper Mario: The Thousand-Year Door Tattle Log

Click here to take the quiz!

General Stats

  • This quiz has been taken 59 times
  • The average score is 65 of 125

Answer Stats

Answer% Correct
Goomba
100%
Koopa Troopa
93%
Paragoomba
89%
Shadow Queen (Peach)
85%
Bonetail
81%
Bowser
81%
Paratroopa
81%
Shadow Queen
81%
Rawk Hawk
78%
Doopliss
78%
Gloomba
78%
Paragloomba
78%
Cortez
74%
Piranha Plant
74%
X-Naut
74%
Hooktail
74%
Gloomtail
74%
Spiked Goomba
74%
Bob-omb
70%
Hyper Goomba
67%
Sir Grodus
67%
Fuzzy
67%
Gold Fuzzy
67%
Dark Boo
67%
Boo
67%
Vivian
67%
Spiky Gloomba
67%
Lord Crump
63%
Magnus Von Grapple
63%
Atomic Boo
63%
Hyper Paragoomba
63%
Smorg
63%
Hammer Bro.
63%
Macho Grubba
63%
Magnus Von Grapple 2.0
63%
Bandit
59%
Yux
59%
Wizzerd
59%
Cleft
59%
Bullet Bill
59%
Green Fuzzy
59%
Magikoopa
59%
Hyper Spiky Goomba
59%
Spiny
59%
Kammy Koopa
59%
Fire Bro.
59%
Gus
56%
Parabuzzy
56%
Dry Bones
56%
Hyper Cleft
56%
Moon Cleft
56%
Buzzy Beetle
56%
Dark Paratroopa
56%
Dark Koopa
56%
Chain Chomp
56%
Blooper
56%
Koopatrol
52%
Boomerang Bro.
52%
Beldam
52%
Swooper
52%
Dark Wizzerd
52%
Pokey
52%
Pider
48%
Mini-Yux
48%
Elite Wizzerd
48%
Marilyn
48%
Flower Fuzzy
48%
Spike Top
48%
Red Bones
48%
Dull Bones
48%
Dark Craw
48%
Red Magikoopa
44%
Iron Cleft (Red)
44%
Red Chomp
44%
Swoopula
44%
Lakitu
44%
Frost Piranha
44%
Iron Cleft (Green)
44%
Putrid Piranha
44%
Bob-ulk
44%
Ruff Puff
44%
Shady Koopa
44%
Dark Bones
44%
Badge Bandit
44%
Big Bandit
41%
Elite X-Naut
41%
Shady Paratroopa
41%
Spiky Parabuzzy
41%
Green Magikoopa
41%
White Magikoopa
41%
Bald Cleft
41%
Lava Bubble
41%
Ember
41%
Ice Puff
41%
X-Yux
37%
Dark Puff
37%
Poison Pokey
37%
Crazee Dayzee
37%
Dark Koopatrol
37%
Bulky Bob-omb
37%
Dark Bristle
37%
Bristle
37%
Dark Lakitu
37%
Spinia
37%
Swampire
37%
Amazy Dayzee
37%
Pale Piranha
33%
Arantula
33%
X-Naut PhD
33%
Poison Puff
33%
Bill Blaster
33%
KP Koopa
30%
KP Paratroopa
30%
Sky-Blue Spiny
30%
Spania
30%
Mini X-Yux
30%
Spunia
30%
Z-Yux
30%
Grodus X
26%
Mini Z-Yux
26%
Bombshell Bill Blaster
26%
Bombshell Bill
26%
Phantom Ember
22%
Hyper Bald Cleft
22%
Red Spike Top
11%

Score Distribution

Percentile by Number Answered

Percent of People with Each Score

Your Score History

You have not taken this quiz